|
|
|
|
| LEADER |
00000nam0a2200000 4500 |
| 001 |
297884 |
| 005 |
20231102001042.0 |
| 035 |
|
|
|a (RuTPU)RU\TPU\book\323019
|
| 090 |
|
|
|a 297884
|
| 100 |
|
|
|a 20150611d1984 km y0rusy50 ca
|
| 101 |
0 |
|
|a rus
|
| 102 |
|
|
|a KZ
|
| 105 |
|
|
|a a z 001zy
|
| 200 |
1 |
|
|a Мынбулакский артезианский бассейн: формирование, гидродинамика и ресурсы подземных вод
|f У. М. Ахмедсафин [и др.]
|
| 210 |
|
|
|a Алма-Ата
|c Наука
|d 1984
|
| 215 |
|
|
|a 144 с.
|c ил.
|
| 320 |
|
|
|a Библиогр.: с. 139-144
|
| 606 |
1 |
|
|a Воды подземные
|x Гидрогеология
|2 stltpush
|3 (RuTPU)RU\TPU\subj\3150
|9 31605
|
| 610 |
1 |
|
|a артезианские бассейны
|
| 610 |
1 |
|
|a формирование
|
| 610 |
1 |
|
|a гидродинамика
|
| 610 |
1 |
|
|a водные ресурсы
|
| 610 |
1 |
|
|a формирование
|
| 610 |
1 |
|
|a химический состав
|
| 610 |
1 |
|
|a перспективы
|
| 610 |
1 |
|
|a использование
|
| 675 |
|
|
|a 556.3
|v 4
|
| 701 |
|
1 |
|a Ахмедсафин
|b У. М.
|g Уфа Мендбаевич
|
| 701 |
|
1 |
|a Курмангалиев
|b Р. М.
|g Роберт Мусамович
|
| 701 |
|
1 |
|a Губарев
|b А. Н.
|g Алексей Николаевич
|
| 701 |
|
1 |
|a Мукуршин
|b С. М.
|g Смидт Адильханович
|
| 712 |
0 |
2 |
|a Академия наук Казахской ССР (АН КазССР)
|b Институт гидрогеологии и гидрофизики
|2 stltpush
|3 (RuTPU)RU\TPU\col\8430
|
| 801 |
|
1 |
|a RU
|b 63413507
|c 20150611
|
| 801 |
|
2 |
|a RU
|b 63413507
|c 20181030
|g RCR
|
| 942 |
|
|
|c BK
|